00289pab a2200121 454500008004000000100001600040245002700056260000900083300001300092362001100105650001700116773003400133180718b2012 xxu||||| |||| 00| 0 eng d aShah, Sonal aA tall beacon of light c2012 ap.23-25. a11 Aug aGore, Mrinal aEconomic and Political Weekly